<?xml version="1.0" encoding="UTF-8"?>
<record
    xmlns:xsi="http://www.w3.org/2001/XMLSchema-instance"
    xsi:schemaLocation="http://www.loc.gov/MARC21/slim http://www.loc.gov/standards/marcxml/schema/MARC21slim.xsd"
    xmlns="http://www.loc.gov/MARC21/slim">

  <leader>02447na  a2200409   4500</leader>
  <controlfield tag="001">22487</controlfield>
  <controlfield tag="003">MIRAKIL</controlfield>
  <controlfield tag="005">20181213155245.0</controlfield>
  <controlfield tag="008">170225b        tu            000 0      </controlfield>
  <datafield tag="040" ind1=" " ind2=" ">
    <subfield code="a">Milas</subfield>
    <subfield code="b">tur</subfield>
    <subfield code="c">TR-AnCHP</subfield>
  </datafield>
  <datafield tag="041" ind1=" " ind2=" ">
    <subfield code="a">tur</subfield>
  </datafield>
  <datafield tag="082" ind1=" " ind2=" ">
    <subfield code="a">CHP 330.9561</subfield>
    <subfield code="b">C36e 1999-2012</subfield>
  </datafield>
  <datafield tag="090" ind1=" " ind2=" ">
    <subfield code="a">CHP 330.9561 C36e 1999-2012</subfield>
  </datafield>
  <datafield tag="091" ind1=" " ind2=" ">
    <subfield code="a">EKONOM&#x130;</subfield>
  </datafield>
  <datafield tag="222" ind1=" " ind2=" ">
    <subfield code="a">Ekonomi raporlar&#x131;</subfield>
  </datafield>
  <datafield tag="245" ind1=" " ind2=" ">
    <subfield code="a">[Ekonomik durum ve CHP ekonomi politikalar&#x131; ile ilgili &#xE7;e&#x15F;itli yaz&#x131; ve raporlar]</subfield>
    <subfield code="b">1999-2012</subfield>
    <subfield code="c">CHP</subfield>
  </datafield>
  <datafield tag="246" ind1=" " ind2=" ">
    <subfield code="a">Ekonomi raporu</subfield>
  </datafield>
  <datafield tag="260" ind1=" " ind2=" ">
    <subfield code="a">Ankara</subfield>
    <subfield code="b">CHP</subfield>
    <subfield code="c">1999-2012</subfield>
  </datafield>
  <datafield tag="300" ind1=" " ind2=" ">
    <subfield code="a">c.</subfield>
  </datafield>
  <datafield tag="440" ind1=" " ind2=" ">
    <subfield code="a">Cumhuriyet Halk Partisi yay&#x131;nlar&#x131;</subfield>
    <subfield code="p">Raporlar</subfield>
  </datafield>
  <datafield tag="505" ind1=" " ind2=" ">
    <subfield code="a">1)Alternatif kalk&#x131;nma stratejileri ve ekonomik politikalar&#x131;/G&#xFC;nal Kansu (&#x15E;ubat 1999) --  2) Ekonomik sorunlar ve politikalar /Algan Hacalo&#x11F;lu, Aral&#x131;k 1999) -- 3) Ekonomi politikalar&#x131; i&#xE7;in stratejik se&#xE7;enekler/CHP Politika Ara&#x15F;t&#x131;rmalar&#x131; Merkezi (PAM) (Ocak 2000) -- 4)&#x130;nsan ve &#xFC;retim odakl&#x131; yeni ekonomi anlay&#x131;&#x15F;&#x131;: Politika metni: "2023'e do&#x11F;ru yeni vizyon" - taslak/ Ekim 2010) --  5)&#x130;nsan ve &#xFC;retim odakl&#x131; yeni ekonomi anlay&#x131;&#x15F;&#x131;: Politika metni: "2023'e do&#x11F;ru yeni vizyon" (2010) -- 6) Ekonomide temel sorunlar, riskler ve CHP'nin ekonomi politikalar&#x131;/ Faik &#xD6;ztrak (2012) 7)	A&#x15F;&#x131;r&#x131; n&#xFC;fus art&#x131;&#x15F;&#x131; sosyo/ekonomik yap&#x131;y&#x131; geriletiyor/ Deniz Baykal, Celal Toprako&#x11F;lu</subfield>
  </datafield>
  <datafield tag="610" ind1=" " ind2=" ">
    <subfield code="a">CHP</subfield>
    <subfield code="x">Ekonomik durum</subfield>
    <subfield code="y">Raporlar</subfield>
  </datafield>
  <datafield tag="610" ind1=" " ind2=" ">
    <subfield code="a">CHP</subfield>
    <subfield code="x">Ekonomi politkalar&#x131;</subfield>
  </datafield>
  <datafield tag="650" ind1=" " ind2=" ">
    <subfield code="a">Ekonomi</subfield>
    <subfield code="x">Raporlar</subfield>
    <subfield code="z">T&#xFC;rkiye</subfield>
  </datafield>
  <datafield tag="657" ind1=" " ind2=" ">
    <subfield code="a">CHP ekonomi raporu</subfield>
  </datafield>
  <datafield tag="740" ind1=" " ind2=" ">
    <subfield code="a">CHP ekonomi raporlar&#x131;</subfield>
  </datafield>
  <datafield tag="740" ind1=" " ind2=" ">
    <subfield code="a">Alternatif kalk&#x131;nma stratejileri ve ekonomik politikalar&#x131;/G&#xFC;nal Kansu (&#x15E;ubat 1999)</subfield>
  </datafield>
  <datafield tag="740" ind1=" " ind2=" ">
    <subfield code="a">Ekonomik sorunlar ve politikalar /Algan Hacalo&#x11F;lu, Aral&#x131;k 1999</subfield>
  </datafield>
  <datafield tag="740" ind1=" " ind2=" ">
    <subfield code="a">Ekonomi politikalar&#x131; i&#xE7;in stratejik se&#xE7;enekler/CHP Politika Ara&#x15F;t&#x131;rmalar&#x131; Merkezi (PAM) (Ocak 2000)</subfield>
  </datafield>
  <datafield tag="740" ind1=" " ind2=" ">
    <subfield code="a">&#x130;nsan ve &#xFC;retim odakl&#x131; yeni ekonomi anlay&#x131;&#x15F;&#x131;: Politika metni: "2023'e do&#x11F;ru yeni vizyon" - taslak/ Ekim 2010 </subfield>
  </datafield>
  <datafield tag="740" ind1=" " ind2=" ">
    <subfield code="a">&#x130;nsan ve &#xFC;retim odakl&#x131; yeni ekonomi anlay&#x131;&#x15F;&#x131;: Politika metni: "2023'e do&#x11F;ru yeni vizyon" (2010)</subfield>
  </datafield>
  <datafield tag="740" ind1=" " ind2=" ">
    <subfield code="a">Ekonomide temel sorunlar, riskler ve CHP'nin ekonomi politikalar&#x131;/ Faik &#xD6;ztrak (2012)</subfield>
  </datafield>
  <datafield tag="740" ind1=" " ind2=" ">
    <subfield code="a">A&#x15F;&#x131;r&#x131; n&#xFC;fus art&#x131;&#x15F;&#x131; sosyo/ekonomik yap&#x131;y&#x131; geriletiyor/ Deniz Baykal, Celal Toprako&#x11F;lu</subfield>
  </datafield>
  <datafield tag="830" ind1=" " ind2=" ">
    <subfield code="a">CHP raporlar&#x131;</subfield>
  </datafield>
  <datafield tag="942" ind1=" " ind2=" ">
    <subfield code="2">dcc</subfield>
    <subfield code="c">BKS</subfield>
  </datafield>
  <datafield tag="952" ind1=" " ind2=" ">
    <subfield code="a">0001</subfield>
    <subfield code="b">0001</subfield>
    <subfield code="d">2017-02-14</subfield>
    <subfield code="e">2</subfield>
    <subfield code="l">0</subfield>
    <subfield code="o">CHP 330.9561 C36e 1999-2012</subfield>
    <subfield code="p">016521</subfield>
    <subfield code="r">2017-02-14 00:00:00</subfield>
    <subfield code="v">0.00</subfield>
    <subfield code="w">2017-02-14</subfield>
    <subfield code="y">BKS</subfield>
  </datafield>
  <datafield tag="952" ind1=" " ind2=" ">
    <subfield code="a">0001</subfield>
    <subfield code="b">0001</subfield>
    <subfield code="d">2017-02-14</subfield>
    <subfield code="e">2</subfield>
    <subfield code="l">0</subfield>
    <subfield code="o">CHP 330.9561 C36e 1999-2012</subfield>
    <subfield code="p">016522</subfield>
    <subfield code="r">2017-02-14 00:00:00</subfield>
    <subfield code="v">0.00</subfield>
    <subfield code="w">2017-02-14</subfield>
    <subfield code="y">BKS</subfield>
  </datafield>
  <datafield tag="952" ind1=" " ind2=" ">
    <subfield code="a">0001</subfield>
    <subfield code="b">0001</subfield>
    <subfield code="d">2017-02-14</subfield>
    <subfield code="e">2</subfield>
    <subfield code="h">c.2</subfield>
    <subfield code="l">0</subfield>
    <subfield code="o">CHP 330.9561 C36e 1999-2012</subfield>
    <subfield code="p">016523</subfield>
    <subfield code="r">2017-02-14 00:00:00</subfield>
    <subfield code="v">0.00</subfield>
    <subfield code="w">2017-02-14</subfield>
    <subfield code="y">BKS</subfield>
  </datafield>
  <datafield tag="952" ind1=" " ind2=" ">
    <subfield code="a">0001</subfield>
    <subfield code="b">0001</subfield>
    <subfield code="d">2017-02-14</subfield>
    <subfield code="e">2</subfield>
    <subfield code="h">c.3</subfield>
    <subfield code="l">0</subfield>
    <subfield code="o">CHP 330.9561 C36e 1999-2012</subfield>
    <subfield code="p">016524</subfield>
    <subfield code="r">2017-02-14 00:00:00</subfield>
    <subfield code="v">0.00</subfield>
    <subfield code="w">2017-02-14</subfield>
    <subfield code="y">BKS</subfield>
  </datafield>
  <datafield tag="952" ind1=" " ind2=" ">
    <subfield code="a">0001</subfield>
    <subfield code="b">0001</subfield>
    <subfield code="d">2017-02-14</subfield>
    <subfield code="e">2</subfield>
    <subfield code="h">c.4</subfield>
    <subfield code="l">0</subfield>
    <subfield code="o">CHP 330.9561 C36e 1999-2012</subfield>
    <subfield code="p">016525</subfield>
    <subfield code="r">2017-02-14 00:00:00</subfield>
    <subfield code="v">0.00</subfield>
    <subfield code="w">2017-02-14</subfield>
    <subfield code="y">BKS</subfield>
  </datafield>
  <datafield tag="952" ind1=" " ind2=" ">
    <subfield code="a">0001</subfield>
    <subfield code="b">0001</subfield>
    <subfield code="d">2017-02-14</subfield>
    <subfield code="e">2</subfield>
    <subfield code="h">c.5</subfield>
    <subfield code="l">0</subfield>
    <subfield code="o">CHP 330.9561 C36e 1999-2012</subfield>
    <subfield code="p">016526</subfield>
    <subfield code="r">2017-02-14 00:00:00</subfield>
    <subfield code="v">0.00</subfield>
    <subfield code="w">2017-02-14</subfield>
    <subfield code="y">BKS</subfield>
  </datafield>
  <datafield tag="952" ind1=" " ind2=" ">
    <subfield code="a">0001</subfield>
    <subfield code="b">0001</subfield>
    <subfield code="d">2017-02-14</subfield>
    <subfield code="e">2</subfield>
    <subfield code="h">c.6</subfield>
    <subfield code="l">0</subfield>
    <subfield code="o">CHP 330.9561 C36e 1999-2012</subfield>
    <subfield code="p">016527</subfield>
    <subfield code="r">2017-02-14 00:00:00</subfield>
    <subfield code="v">0.00</subfield>
    <subfield code="w">2017-02-14</subfield>
    <subfield code="y">BKS</subfield>
  </datafield>
  <datafield tag="999" ind1=" " ind2=" ">
    <subfield code="c">9413</subfield>
    <subfield code="d">9413</subfield>
  </datafield>
</record>
